El diseño instruccional (Registro nro. 184792)
[ vista simple ]
| 000 -ENCABEZADO | |
|---|---|
| Número de control [NR] | 00992 a2200229 4500 |
| 005 - FECHA Y HORA DE LA ÚLTIMA TRANSACCIÓN | |
| control field | 20140903175031.0 |
| 008 - DE LONGITUD FIJA DE DATOS DE ELEMENTOS - INFORMACIÓN GENERAL | |
| Elementos de longitud fija [NR] | 140211s2013 ck fr 000 0 spa d |
| 020 ## - NUMERO INTERNACIONAL NORMALIZADO PARA LIBROS [R] | |
| Número Internacional Normalizado del libro [NR] | 9789588776286 |
| 020 ## - NUMERO INTERNACIONAL NORMALIZADO PARA LIBROS [R] | |
| Número Internacional Normalizado del libro [NR] | 9789588776293 |
| 040 ## - FUENTE DE CATALOGACION [NR] | |
| Agencia de catalogación original [NR] | CO-BoUCM |
| Idioma de catalogación [NR] | spa |
| Quien Cataloga | |
| Quien Clasifica | |
| 041 ## - CODIGO DE IDIOMA [R] | |
| Código de idioma para texto/pista de sonido o título separado [R] | Español |
| 110 ## - ASIENTO PRINCIPAL--NOMBRE CORPORATIVO [NR] | |
| ID de autoridad | 30592 |
| Nombre corporativo o de jurisdicción como elemento de entrada [NR] | Católica del Norte Fundación Universitaria |
| Unidad subordinada [R] | Dirección de Investigaciones e Innovaciones Pedagógicas |
| 245 ## - MENCION DE TITULO [NR] | |
| Título [NR] | El diseño instruccional |
| Parte restante del título [NR] | reflexiones y prespectivas en la Católica del Norte Fundación Universitaria |
| Mención de responsabilidad, etc. [NR] | Catolica del Norte Fundación Universitaria; editor Alexander Arbey Sánchez Upegui |
| 260 ## - PUBLICACION, DISTRIBUCION, ETC. (PIE DE IMPRENTA) [R] | |
| Fecha de publicación, distribución, etc. [R] | 2013 |
| Lugar de publicación, distribución, etc. [R] | Medellín |
| Nombre del editor, distribuidor, etc. [R] | Litomedellín |
| 300 ## - DESCRIPCION FISICA [R] | |
| Extensión [R] | 191 páginas |
| 650 #7 - ASIENTO SECUNDARIO DE MATERIA - TERMINO TEMATICO [R] | |
| 9 (RLIN) | 17714 |
| Término temático o nombre geográfico como elemento de entrada [NR] | Innovaciones educativas |
| 650 #7 - ASIENTO SECUNDARIO DE MATERIA - TERMINO TEMATICO [R] | |
| 9 (RLIN) | 19449 |
| Término temático o nombre geográfico como elemento de entrada [NR] | Métodos de enseñanza |
| 690 ## - ASUNTO AGREGADO LOCAL DE ENTRADA - TÉRMINO TEMÁTICO (OCLC, RLIN) | |
| 9 (RLIN) | 42917 |
| Acceso temático local | Teoría de la educación |
| 700 ## - ASIENTO SECUNDARIO - NOMBRE PERSONAL [R] | |
| 9 (RLIN) | 29895 |
| Nombre personal [NR] | Sánchez Upegui, Alexánder Arbey |
| Término de relación [R] | editor |
| 942 ## - ELEMENTOS DE ENTRADA AGREGADOS (KOHA) | |
| Tema principal | Educación |
| Tipo de ítem principal el descrito en 300a | Libro |
| Edición | 1 |
| Parte restante de la signatura top. | C366 |
| Sistema de clasificación | DEWEY |
| Clasificación | 371.33 |
| Total préstamos | Signatura topográfica | Código de barras | Última vez visto | Ejemplar | Costo de reposición | Price effective from | Tipo de ítem | Perdido | Sistema de clasificación | Dañado | No prestable | Tipo de ítem específico | Suprimido | Ubicación habitual | Ubicación actual | Localización | Fecha de creación | Proveedor | Forma de adquisición | Costo |
|---|---|---|---|---|---|---|---|---|---|---|---|---|---|---|---|---|---|---|---|---|
| 371.33 C366 | 100138816 | 05/12/2025 | Ej.1 | 26000.00 | 14/01/2014 | Libro | DEWEY | Libro | Claustro | Claustro | 2do piso | 14/01/2014 | 12 | Donación | 0.00 |